000 00580nam a2200157 4500
999 _c17071
_d17071
008 220602b ||||| |||| 00| 0 eng d
022 _a0732-8435
082 _aDPer 657.05 C33 Sept - Dec 2012, v. 82 n. 9 - 12
100 _aKawaller, Ira G.
_945373
245 _aDisclosures on derivatives and hedging transactions:
_ba review of best practices/
_cIra G. Kawaller.
260 _aNew York:
_bThe New York State Society of CPA,
_c©2012.
300 _av82 n10, pages 38-39:
_billustrations;
_c28 cm.
500 _aThe CPA Journal.
650 _aFinance.
_945374
942 _2ddc
_cPER